000
00285nam a2200121 a 4500
005
20140414132030.0
008
110315s19uu xx 00 eng d
050
_a
TR
_b
M97 1990
100
_a
Ginsburg, Mirra
245
_a
Mushroom in the rain.
260
_b
Aladdin.
999
_c
113603
_d
113603